000 00612nam a2200193 a 4500
005 20210223131017.0
008 090604s2005 mx r 000 0 spa d
020 _a8466745742
035 _aUPN01000170992
049 _aI
050 4 _aPZ74.3
_bR3.4
100 1 _aRamos Guzmán, María Cristina,
_d1952-
_933115
245 1 3 _aLa luna lleva un silencio /
_cMaría Cristina Ramos Guzmán ; il. de Paula Alenda.
260 _aMadrid :
_bAnaya,
_c2005.
300 _a68 p. :
_bil. col.
440 0 _aSopa de libros ;
_v101.
_pA partir de 8 años
650 4 _aPOESIA INFANTIL ARGENTINA
_911596
905 _aInfantil
999 _c143097
_d143097